[Event "BL 1314 OSG Baden Baden - SG Turm Trier"]
[Site "?"]
[Date "2014.02.23"]
[Round "10.3"]
[White "Cioara, Andrei-Nestor"]
[Black "Naiditsch, Arkadij"]
[Result "0-1"]
[WhiteElo "2446"]
[BlackElo "2702"]
[PlyCount "85"]
[EventDate "2014.??.??"]

1. e4 c5 2. Nf3 d6 3. d4 cxd4 4. Nxd4 Nf6 5. Nc3 a6 6. Be3 e5 7. Nb3 Be7 8. f3
Be6 9. Qd2 Nbd7 10. g4 h6 11. O-O-O b5 12. Kb1 Nb6 13. Qf2 Nfd7 14. Nd5 Bxd5
15. exd5 Bh4 16. Qe2 O-O 17. f4 Nc4 18. f5 Ndb6 19. Bxb6 Qxb6 20. Qe4 a5 21. a3
Rfb8 22. Bd3 a4 23. Nc1 Qe3 24. Na2 Qxe4 25. Bxe4 Ne3 26. h3 Nxd1 27. Rxd1 Rc8
28. Nb4 Rc4 29. Bd3 Rc5 30. c3 h5 31. Kc2 Kh7 32. Kd2 Kh6 33. Ke3 Rac8 34. Kf3
Rc4 35. Bxc4 Rxc4 36. Rg1 Rf4+ 37. Ke2 Rf2+ 38. Kd3 Rxb2 39. gxh5 Rh2 40. Nc6
Rxh3+ 41. Kc2 e4 42. Na7 Rh2+ 43. Kb1 0-1

[Event "BL 1314 OSG Baden Baden - SG Turm Trier"]
[Site "?"]
[Date "2014.02.23"]
[Round "10.4"]
[White "Kasimdzhanov, Rustam"]
[Black "Galyas, Miklos"]
[Result "1/2-1/2"]
[WhiteElo "2698"]
[BlackElo "2421"]
[PlyCount "75"]
[EventDate "2014.??.??"]

1. e4 e6 2. d4 d5 3. Nd2 Nf6 4. e5 Nfd7 5. Bd3 c5 6. c3 Nc6 7. Ne2 cxd4 8. cxd4
f6 9. exf6 Nxf6 10. O-O Bd6 11. f4 O-O 12. Nf3 Bd7 13. Kh1 Rc8 14. a3 Qb6 15.
Nc3 Kh8 16. Na4 Qc7 17. Nc5 Ne7 18. b4 Nf5 19. Ng5 Rce8 20. Bd2 Bc8 21. Ncxe6
Bxe6 22. Nxe6 Rxe6 23. Bxf5 Ree8 24. Rc1 Qf7 25. Rc3 Ne4 26. Bxe4 Rxe4 27. Rd3
Qf5 28. Qf3 Bc7 29. g3 Bb6 30. Bc3 Rfe8 31. Kg2 h6 32. Rf2 R8e7 33. h3 Qf6 34.
Rfd2 Qf7 35. Rf2 Qf6 36. Qd1 a6 37. h4 Qf5 38. g4 1/2-1/2

[Event "BL 1314 OSG Baden Baden - SG Turm Trier"]
[Site "?"]
[Date "2014.02.23"]
[Round "10.5"]
[White "Seger, Ruediger"]
[Black "Shirov, Alexei"]
[Result "0-1"]
[WhiteElo "2379"]
[BlackElo "2711"]
[PlyCount "104"]
[EventDate "2014.??.??"]

1. e4 c5 2. c3 e6 3. d4 d5 4. exd5 exd5 5. Be3 c4 6. b3 cxb3 7. axb3 Bd6 8. Bd3
Nf6 9. h3 Nc6 10. Qf3 h6 11. Ne2 Ne7 12. Bf4 O-O 13. O-O Ng6 14. Bxd6 Qxd6 15.
c4 b6 16. Nbc3 Bb7 17. Qg3 Qxg3 18. fxg3 Rfd8 19. Ra2 Ne7 20. Rd1 Nc6 21. Ra4
a5 22. Raa1 Nb4 23. c5 bxc5 24. dxc5 d4 25. Nb5 Nd7 26. Nbxd4 Nxc5 27. Bc4 Bd5
28. Rdc1 Ne4 29. g4 g6 30. Nf3 Ng5 31. Bxd5 Rxd5 32. Ned4 Re8 33. Re1 Red8 34.
Re7 Rxd4 35. Nxd4 Rxd4 36. Rxa5 Nc6 37. Re8+ Kg7 38. Rc5 Rd1+ 39. Kh2 Nd4 40.
Rc3 Rd2 41. Ree3 Nge6 42. Red3 Rb2 43. Rc4 Nb5 44. Rb4 Nbc7 45. Rc4 g5 46. Rdc3
Nd5 47. Rc2 Rxb3 48. Rf2 Nef4 49. Rd4 Ne3 50. g3 Nd3 51. Rf3 Rb2+ 52. Kg1 Rg2+
0-1

[Event "BL 1314 OSG Baden Baden - SG Turm Trier"]
[Site "?"]
[Date "2014.02.23"]
[Round "10.6"]
[White "Nisipeanu, Liviu-Dieter"]
[Black "Kolbus, Dietmar"]
[Result "1-0"]
[WhiteElo "2691"]
[BlackElo "2302"]
[PlyCount "43"]
[EventDate "2014.??.??"]

1. e4 c5 2. Nf3 d6 3. d4 cxd4 4. Nxd4 Nf6 5. Nc3 Nc6 6. Bc4 Bd7 7. Bb3 Na5 8.
Bg5 Nxb3 9. axb3 Ng8 10. Nf5 f6 11. Be3 Qb8 12. O-O e6 13. Nd4 Ne7 14. f4 a6
15. f5 e5 16. Qh5+ Kd8 17. Ne6+ Bxe6 18. fxe6 g6 19. Qh4 Bg7 20. Rxf6 Bxf6 21.
Qxf6 Re8 22. Bb6+ 1-0

[Event "BL 1314 OSG Baden Baden - SG Turm Trier"]
[Site "?"]
[Date "2014.02.23"]
[Round "10.7"]
[White "Dany, Alexander"]
[Black "Nielsen, Peter Heine"]
[Result "1/2-1/2"]
[WhiteElo "2110"]
[BlackElo "2652"]
[PlyCount "68"]
[EventDate "2014.??.??"]

1. Nf3 c5 2. c4 Nc6 3. Nc3 g6 4. g3 Bg7 5. Bg2 e6 6. O-O Nge7 7. d3 O-O 8. Rb1
d5 9. cxd5 exd5 10. a3 b6 11. Bd2 a5 12. Qc1 Re8 13. Bh6 d4 14. Bxg7 Kxg7 15.
Nd1 Nd5 16. e4 dxe3 17. fxe3 Bg4 18. d4 Rc8 19. dxc5 bxc5 20. Qxc5 Bxf3 21.
Bxf3 Nxe3 22. Nxe3 Nd4 23. Qd5 Rxe3 24. Qxd8 Rxd8 25. Kg2 Nb3 26. Rbd1 Nd2 27.
Rf2 Red3 28. Bc6 Nb3 29. Rxd3 Rxd3 30. Bb5 Rd4 31. Rf4 Rd2+ 32. Rf2 Rd4 33. Rf4
Rd2+ 34. Rf2 Rd4 1/2-1/2

[Event "BL 1314 OSG Baden Baden - SG Turm Trier"]
[Site "?"]
[Date "2014.02.23"]
[Round "10.8"]
[White "Schlosser, Philipp"]
[Black "Yankelevich, Lev"]
[Result "1/2-1/2"]
[WhiteElo "2613"]
[BlackElo "2275"]
[PlyCount "88"]
[EventDate "2014.??.??"]

1. Nf3 Nf6 2. c4 g6 3. Nc3 Bg7 4. e4 d6 5. d4 O-O 6. Be2 e5 7. O-O exd4 8. Nxd4
Re8 9. f3 Nc6 10. Be3 Nh5 11. Qd2 Nf4 12. Rfd1 Nxd4 13. Bxd4 Bxd4+ 14. Qxd4
Nxe2+ 15. Nxe2 b6 16. Rd2 Bb7 17. Rad1 Qg5 18. Nc3 Re7 19. Nd5 Bxd5 20. Qxd5
Qe3+ 21. Rf2 Rae8 22. Qd2 Qxd2 23. Rfxd2 f5 24. exf5 gxf5 25. Kf2 Kf7 26. b4
Kf6 27. Rc2 Re5 28. g3 a5 29. f4 Re4 30. bxa5 bxa5 31. Rd5 Ra8 32. Kf3 Re1 33.
c5 Ke6 34. Rd3 d5 35. c6 Rf1+ 36. Kg2 Ra1 37. a3 Kd6 38. Rcd2 Kxc6 39. Rxd5 Ra2
40. Kh3 Rxd2 41. Rxd2 Kb5 42. g4 c5 43. gxf5 Rc8 44. f6 c4 1/2-1/2

[Event "BL 1314 SV Hockenheim - SG Solingen"]
[Site "?"]
[Date "2014.02.23"]
[Round "10.1"]
[White "Ragger, Markus"]
[Black "Rapport, Richard"]
[Result "1/2-1/2"]
[WhiteElo "2646"]
[BlackElo "2679"]
[PlyCount "50"]
[EventDate "2014.??.??"]

1. Nf3 Nf6 2. c4 c5 3. Nc3 Nc6 4. d4 cxd4 5. Nxd4 e6 6. Bf4 d5 7. cxd5 Nxd5 8.
Nxc6 bxc6 9. Bd2 Bb4 10. Qc2 Rb8 11. e3 Nxc3 12. a3 Qa5 13. Qc1 Ne4 14. axb4
Qf5 15. f3 Nxd2 16. Qxd2 Qg5 17. Bd3 Qh4+ 18. Ke2 Qxb4 19. Qxb4 Rxb4 20. Rhb1
a6 21. Bxa6 Ke7 22. b3 Bxa6+ 23. Rxa6 Rhb8 24. Rxc6 Rxb3 25. Rxb3 Rxb3 1/2-1/2

[Event "BL 1314 SV Hockenheim - SG Solingen"]
[Site "?"]
[Date "2014.02.23"]
[Round "10.2"]
[White "Buhmann, Rainer"]
[Black "L'Ami, Erwin"]
[Result "1/2-1/2"]
[WhiteElo "2582"]
[BlackElo "2649"]
[PlyCount "50"]
[EventDate "2014.??.??"]

1. Nf3 Nf6 2. c4 e6 3. Nc3 d5 4. d4 c6 5. e3 Nbd7 6. Bd3 dxc4 7. Bxc4 b5 8. Bd3
Bb7 9. O-O a6 10. a4 b4 11. Ne4 c5 12. Nxf6+ Nxf6 13. dxc5 Nd7 14. c6 Bxc6 15.
b3 Be7 16. Bb2 Bf6 17. Bxf6 Nxf6 18. Qe2 Bb7 19. e4 O-O 20. a5 Qe7 21. Rfc1
Rfc8 22. Rxc8+ Bxc8 23. Nd2 Bb7 24. Nc4 Nd7 25. Rd1 Nc5 1/2-1/2

[Event "BL 1314 SV Hockenheim - SG Solingen"]
[Site "?"]
[Date "2014.02.23"]
[Round "10.4"]
[White "Baramidze, David"]
[Black "Jussupow, Artur"]
[Result "1/2-1/2"]
[WhiteElo "2607"]
[BlackElo "2582"]
[PlyCount "48"]
[EventDate "2014.??.??"]

1. e4 e5 2. Nf3 Nf6 3. Nxe5 d6 4. Nf3 Nxe4 5. Nc3 Nxc3 6. dxc3 Be7 7. Bf4 Nc6
8. Qd2 Be6 9. Ng5 Bxg5 10. Bxg5 Qd7 11. Bd3 Ne5 12. O-O Nxd3 13. cxd3 O-O 14.
Rfe1 f6 15. Bf4 Rfe8 16. c4 Bf7 17. b3 d5 18. Rxe8+ Rxe8 19. cxd5 Bxd5 20. Re1
Rxe1+ 21. Qxe1 c5 22. f3 b6 23. Kf2 a5 24. Bc7 a4 1/2-1/2

[Event "BL 1314 SV Hockenheim - SG Solingen"]
[Site "?"]
[Date "2014.02.23"]
[Round "10.5"]
[White "Wegerle, Joerg"]
[Black "Wagner, Dennis"]
[Result "1/2-1/2"]
[WhiteElo "2422"]
[BlackElo "2457"]
[PlyCount "52"]
[EventDate "2014.??.??"]

1. e4 e5 2. Nf3 Nc6 3. Bb5 Nf6 4. O-O Nxe4 5. Re1 Nd6 6. Nxe5 Be7 7. Bf1 Nxe5
8. Rxe5 O-O 9. d4 Bf6 10. Re1 Re8 11. Rxe8+ Nxe8 12. c3 d5 13. Bf4 c6 14. Bd3
g6 15. Nd2 Ng7 16. Nf3 Bf5 17. Qc2 Bxd3 18. Qxd3 Ne6 19. Qd2 Qa5 20. Be5 Bg7
21. Bxg7 Kxg7 22. a3 Re8 23. Re1 Qd8 24. g3 Ng5 25. Nxg5 Rxe1+ 26. Qxe1 Qxg5
1/2-1/2

[Event "BL 1314 SV Hockenheim - SG Solingen"]
[Site "?"]
[Date "2014.02.23"]
[Round "10.6"]
[White "Ribli, Zoltan"]
[Black "Schaefer, Markus"]
[Result "1/2-1/2"]
[WhiteElo "2585"]
[BlackElo "2396"]
[PlyCount "65"]
[EventDate "2014.??.??"]

1. Nf3 Nf6 2. c4 g6 3. Nc3 Bg7 4. e4 d6 5. d4 O-O 6. Be2 Na6 7. O-O e5 8. Be3
Ng4 9. Bg5 Qe8 10. h3 h6 11. Bh4 exd4 12. Nd5 g5 13. hxg4 gxh4 14. Nxh4 Qd8 15.
Nf5 Bxf5 16. exf5 Nc5 17. g3 Re8 18. Kg2 Ne4 19. Bf3 c6 20. Bxe4 Rxe4 21. Nf4
d5 22. cxd5 cxd5 23. Qf3 Qd6 24. Rh1 Rae8 25. Rh5 Re1 26. Rxe1 Rxe1 27. g5 hxg5
28. Rxg5 Qh6 29. Qh5 Qxh5 30. Nxh5 d3 31. f6 d2 32. fxg7 Rg1+ 33. Kxg1 1/2-1/2

[Event "BL 1314 SV Hockenheim - SG Solingen"]
[Site "?"]
[Date "2014.02.23"]
[Round "10.7"]
[White "Hobusch, Jan"]
[Black "Banusz, Tamas"]
[Result "0-1"]
[WhiteElo "2117"]
[BlackElo "2593"]
[PlyCount "96"]
[EventDate "2014.??.??"]

1. b3 Nf6 2. Bb2 e6 3. e3 d5 4. Nf3 g6 5. Be2 Bg7 6. O-O O-O 7. c4 a5 8. Nc3 c6
9. Qc2 Na6 10. a3 b6 11. d4 Bb7 12. Rac1 Rc8 13. Rfd1 Qe7 14. Qb1 Rfd8 15. Ne5
Nb8 16. Bf3 Nfd7 17. Nd3 Na6 18. g3 Nc7 19. Bg2 Ba6 20. Na4 Ne8 21. cxd5 exd5
22. Bh3 f5 23. Bg2 Kh8 24. Qa1 Bb5 25. Nc3 Bxd3 26. Rxd3 Nd6 27. Rd2 Nf6 28.
Rdc2 Qb7 29. a4 g5 30. Ba3 Nde4 31. Nxe4 Nxe4 32. Re1 Re8 33. Qd1 Re6 34. Bxe4
Rxe4 35. Qh5 Bf6 36. Rec1 Qd7 37. Qf3 f4 38. gxf4 gxf4 39. Kh1 Qe6 40. Rf1 Bg7
41. Rc3 Re8 42. Bc1 Rf8 43. Qd1 f3 44. Rg1 Rh4 45. Rg3 Rf5 46. Kg1 Qf6 47. Bd2
Bf8 48. Qc2 Rfh5 0-1

[Event "BL 1314 SV Hockenheim - SG Solingen"]
[Site "?"]
[Date "2014.02.23"]
[Round "10.8"]
[White "Boguslavskyy, Oleg"]
[Black "Neumair, Jerome"]
[Result "1-0"]
[WhiteElo "2441"]
[BlackElo "2104"]
[PlyCount "55"]
[EventDate "2014.??.??"]

1. e4 e6 2. d4 d5 3. Nc3 Bb4 4. e5 c5 5. a3 Ba5 6. Qg4 Ne7 7. Nf3 cxd4 8. Nxd4
Qc7 9. Bb5+ Bd7 10. O-O a6 11. Bd3 Bxc3 12. bxc3 Qxc3 13. Rb1 h5 14. Qh4 Nbc6
15. Nxc6 Bxc6 16. Qg5 Kd7 17. Bd2 f6 18. Qxg7 Qxe5 19. Bb4 Rae8 20. Bxe7 Rxe7
21. Qxh8 Qg5 22. Qb8 Rg7 23. Rxb7+ Bxb7 24. Qxb7+ Kd8 25. Qb8+ Kd7 26. g3 h4
27. Rb1 Kc6 28. Qc8+ 1-0

[Event "BL 1314 SC Eppingen - SK König Tegel"]
[Site "?"]
[Date "2014.02.23"]
[Round "10.1"]
[White "Rabiega, Robert"]
[Black "Bologan, Viktor"]
[Result "0-1"]
[WhiteElo "2494"]
[BlackElo "2661"]
[PlyCount "94"]
[EventDate "2014.??.??"]

1. e4 c5 2. c3 Nf6 3. e5 Nd5 4. Nf3 Nc6 5. d4 cxd4 6. Bc4 Nb6 7. Bb3 g6 8. Ng5
e6 9. cxd4 d5 10. Nc3 f6 11. exf6 Qxf6 12. Nf3 Bg7 13. Bg5 Qf5 14. Bc2 Qf7 15.
O-O O-O 16. Rc1 Bd7 17. Na4 Nc4 18. b3 Nd6 19. Nc5 b6 20. Nxd7 Qxd7 21. Be3
Rac8 22. Re1 Nb5 23. a4 Nd6 24. Bd3 Nb4 25. Ne5 Bxe5 26. dxe5 Nf5 27. Bb5 Qe7
28. Bd2 a5 29. Qg4 Nc2 30. Red1 Ncd4 31. Rxc8 Rxc8 32. Bg5 Qb4 33. Ba6 Rc2 34.
Bd3 h5 35. Qf4 Rc3 36. Bf1 Rxb3 37. Rc1 Rc3 38. h4 Rc5 39. Rxc5 bxc5 40. g4
hxg4 41. Qxg4 Qxa4 42. Bf6 Qe8 43. h5 Kh7 44. Bd3 Qf7 45. Kf1 gxh5 46. Qd1 c4
47. Bb1 Qg6 0-1

[Event "BL 1314 SC Eppingen - SK König Tegel"]
[Site "?"]
[Date "2014.02.23"]
[Round "10.2"]
[White "Balogh, Csaba"]
[Black "Stern, Rene"]
[Result "1-0"]
[WhiteElo "2654"]
[BlackElo "2521"]
[PlyCount "75"]
[EventDate "2014.??.??"]

1. e4 e5 2. Nf3 Nc6 3. Bb5 Nf6 4. d3 Bc5 5. c3 O-O 6. O-O Re8 7. b4 Bb6 8. Bc4
d6 9. a4 a6 10. Qb3 Be6 11. Bxe6 Rxe6 12. a5 Ba7 13. Be3 h6 14. c4 Bxe3 15.
fxe3 Ng4 16. Re1 Ne7 17. Nc3 Ng6 18. h3 Nf6 19. Ra2 c6 20. d4 exd4 21. exd4 Qd7
22. Rf2 Rae8 23. Qc2 Nh5 24. c5 Ngf4 25. Kh2 Rg6 26. Nh4 Rg5 27. Qd2 dxc5 28.
bxc5 Rd8 29. Rxf4 Qc7 30. e5 Nxf4 31. Qxf4 Qxa5 32. Re3 Qb4 33. Nf3 Rg6 34. Ne4
a5 35. Nh4 Re6 36. Nd6 Rd7 37. Rg3 Qe1 38. Ndf5 1-0

[Event "BL 1314 SC Eppingen - SK König Tegel"]
[Site "?"]
[Date "2014.02.23"]
[Round "10.3"]
[White "Richter, Michael"]
[Black "Acs, Peter"]
[Result "0-1"]
[WhiteElo "2470"]
[BlackElo "2569"]
[PlyCount "134"]
[EventDate "2014.??.??"]

1. d4 d5 2. c4 c6 3. cxd5 cxd5 4. Nf3 Nf6 5. Nc3 Nc6 6. Bf4 Bf5 7. e3 e6 8. Qb3
Bb4 9. Ne5 Bxc3+ 10. bxc3 O-O 11. Nxc6 bxc6 12. Be2 Re8 13. h3 Ne4 14. Qa3 Qh4
15. g3 Qe7 16. Qxe7 Rxe7 17. g4 Bg6 18. Rc1 f6 19. Bh2 e5 20. O-O Rb8 21. c4
Rb2 22. cxd5 cxd5 23. Bf3 exd4 24. exd4 h6 25. Rc8+ Kh7 26. Bxe4 Bxe4 27. a3
Rb3 28. Bg3 Rxa3 29. Kh2 Rb7 30. Rfc1 Rab3 31. R8c7 Rxc7 32. Rxc7 Rb1 33. Bd6
Rh1+ 34. Kg3 Rg1+ 35. Kf4 Kg8 36. Rxa7 g5+ 37. Ke3 Rh1 38. Ra8+ Kf7 39. Ra7+
Ke6 40. Bc5 Rxh3+ 41. Kd2 f5 42. Ra6+ Kf7 43. Ra7+ Ke8 44. gxf5 Bxf5 45. Re7+
Kd8 46. Rg7 g4 47. Be7+ Ke8 48. Bf6 h5 49. Be5 h4 50. Rg5 Rf3 51. Ke1 Kd7 52.
Rh5 h3 53. Rh6 Be4 54. Ke2 Rb3 55. Kd2 Bf3 56. Bg3 Ke8 57. Kc2 Ra3 58. Kd2 Kf7
59. Rh7+ Kg8 60. Rc7 Be4 61. Rc3 Ra6 62. Be5 Rh6 63. Bh2 Rf6 64. Ke1 Ra6 65.
Rc1 Ra3 66. Kf1 Rd3 67. Be5 g3 0-1

[Event "BL 1314 SC Eppingen - SK König Tegel"]
[Site "?"]
[Date "2014.02.23"]
[Round "10.4"]
[White "Braun, Arik"]
[Black "Muse, Mladen"]
[Result "1/2-1/2"]
[WhiteElo "2565"]
[BlackElo "2415"]
[PlyCount "93"]
[EventDate "2014.??.??"]

1. d4 Nf6 2. c4 g6 3. Nc3 Bg7 4. Nf3 O-O 5. g3 d6 6. Bg2 Nbd7 7. O-O e5 8. e4
a6 9. h3 b5 10. dxe5 Nxe5 11. Nxe5 dxe5 12. Qc2 c6 13. Rd1 Bd7 14. Be3 Qc8 15.
Kh2 Be6 16. Bf1 Rd8 17. a4 Rxd1 18. Rxd1 Bf8 19. Bg5 Be7 20. axb5 axb5 21. cxb5
cxb5 22. Bxf6 Bxf6 23. Bxb5 Bxh3 24. Qd3 Bg4 25. Bd7 Bxd7 26. Qxd7 Qc5 27. Kg2
Rb8 28. Nd5 Bg5 29. Rd3 Rd8 30. Qb7 Qc8 31. Qxc8 Rxc8 32. b4 Rb8 33. Rb3 Bd8
34. g4 h6 35. Kf3 Kf8 36. Ke2 Ke8 37. b5 Kd7 38. Kd3 Bh4 39. Rb1 Kd6 40. Ke2
Bg5 41. Rb3 Rb7 42. Rd3 Kc5 43. b6 Bd8 44. Rc3+ Kd6 45. Rd3 Kc5 46. Rc3+ Kd6
47. Rd3 1/2-1/2

[Event "BL 1314 SC Eppingen - SK König Tegel"]
[Site "?"]
[Date "2014.02.23"]
[Round "10.5"]
[White "Von Herman, Ulf"]
[Black "Medvegy, Zoltan"]
[Result "0-1"]
[WhiteElo "2384"]
[BlackElo "2511"]
[PlyCount "96"]
[EventDate "2014.??.??"]

1. d4 Nf6 2. c4 c5 3. d5 b5 4. Nf3 Bb7 5. a4 Qa5+ 6. Bd2 b4 7. Bg5 d6 8. Bxf6
exf6 9. Nbd2 g6 10. Nb3 Qc7 11. Nc1 Nd7 12. e3 Bg7 13. Nd3 f5 14. Nd2 Nf6 15.
Be2 a5 16. Qc2 O-O-O 17. Nf4 Kb8 18. h4 h6 19. g3 Bc8 20. Bd3 Ka7 21. Nb3 Kb6
22. Nc1 Rde8 23. Ng2 Qe7 24. Ne2 Qe5 25. Rb1 Bd7 26. Ng1 Ne4 27. Nf3 Qf6 28.
Nd2 Kc7 29. Nf4 Qe7 30. Nxe4 fxe4 31. Be2 Be5 32. Bf1 g5 33. Ne2 f5 34. Kd2 Qf6
35. Bg2 f4 36. hxg5 hxg5 37. gxf4 gxf4 38. Bxe4 Rxh1 39. Rxh1 fxe3+ 40. fxe3
Bxb2 41. Rh7 Kc8 42. Nf4 Be5 43. Ne6 Qf2+ 44. Kd3 Qxc2+ 45. Kxc2 Bxa4+ 46. Kc1
Bd7 47. Bf5 Rh8 48. Rf7 b3 0-1

[Event "BL 1314 SC Eppingen - SK König Tegel"]
[Site "?"]
[Date "2014.02.23"]
[Round "10.6"]
[White "Guliyev, Namig"]
[Black "Muse, Drazen"]
[Result "1/2-1/2"]
[WhiteElo "2564"]
[BlackElo "2414"]
[PlyCount "107"]
[EventDate "2014.??.??"]

1. e4 Nc6 2. Nf3 d6 3. d4 Nf6 4. Nc3 Bg4 5. Be3 e6 6. h3 Bh5 7. g4 Bg6 8. Nd2
d5 9. Bg2 h5 10. g5 Nxe4 11. Ndxe4 dxe4 12. Nxe4 h4 13. c3 Be7 14. Qb3 Rb8 15.
O-O-O O-O 16. d5 exd5 17. Rxd5 Qc8 18. Rhd1 Re8 19. R1d2 b6 20. Qa4 Qe6 21. Rd7
Nb4 22. cxb4 Bxe4 23. Bxe4 Qxe4 24. R2d4 Qh1+ 25. Qd1 Qxh3 26. Qh5 Qh1+ 27. Kc2
Qc6+ 28. Kb1 g6 29. Qxh4 Bd6 30. Qh3 Be5 31. Rxf7 Kxf7 32. Rd7+ Re7 33. Qh7+
Bg7 34. Rxe7+ Kxe7 35. Qxg7+ Kd8 36. Qg8+ Qe8 37. Qd5+ Qd7 38. Qg8+ Qe8 39.
Qd5+ Qd7 40. Qg8+ Qe8 41. Qc4 c6 42. a4 Rb7 43. a5 b5 44. Qd4+ Kc8 45. a6 Rd7
46. Qc3 Qe4+ 47. Ka2 Rd3 48. Qh8+ Rd8 49. Qg7 Rd7 50. Qf8+ Rd8 51. Qg7 Rd7 52.
Qh8+ Rd8 53. Qh3+ Rd7 54. Qh8+ 1/2-1/2

[Event "BL 1314 SC Eppingen - SK König Tegel"]
[Site "?"]
[Date "2014.02.23"]
[Round "10.7"]
[White "Fruebing, Stefan"]
[Black "Ruck, Robert"]
[Result "1/2-1/2"]
[WhiteElo "2377"]
[BlackElo "2577"]
[PlyCount "74"]
[EventDate "2014.??.??"]

1. e4 c5 2. Nf3 d6 3. d4 cxd4 4. Nxd4 Nf6 5. Nc3 a6 6. Be2 e5 7. Nb3 Be7 8. Bg5
Nbd7 9. a4 O-O 10. a5 b5 11. axb6 Nxb6 12. O-O Qc7 13. Qd3 Rd8 14. Rfd1 Be6 15.
Bxf6 Bxf6 16. Nd5 Bxd5 17. exd5 e4 18. Qxe4 Re8 19. Qf3 Bxb2 20. Rxa6 Rxa6 21.
Bxa6 Qxc2 22. Bd3 Qc7 23. g3 g6 24. Rd2 Bg7 25. Rc2 Qb8 26. Bb5 Re5 27. Bc6 Qa7
28. Re2 Nc4 29. Qd3 Qe7 30. Nd4 Rxe2 31. Qxe2 Qxe2 32. Nxe2 Kf8 33. Kg2 Ke7 34.
Nc1 Ne5 35. Bb5 f5 36. Nd3 Nxd3 37. Bxd3 Bd4 1/2-1/2

[Event "BL 1314 SC Eppingen - SK König Tegel"]
[Site "?"]
[Date "2014.02.23"]
[Round "10.8"]
[White "Noe, Christopher"]
[Black "Breier, Andreas"]
[Result "1-0"]
[WhiteElo "2276"]
[BlackElo "2384"]
[PlyCount "89"]
[EventDate "2014.??.??"]

1. Nf3 c5 2. c4 g6 3. d4 cxd4 4. Nxd4 Bg7 5. e4 Nc6 6. Be3 Nf6 7. Nc3 Ng4 8.
Qxg4 Nxd4 9. Qd1 Nc6 10. Qd2 d6 11. Be2 Qa5 12. Rc1 Be6 13. f3 h5 14. O-O h4
15. h3 Rc8 16. f4 Bh6 17. a3 Bg7 18. b4 Qd8 19. f5 gxf5 20. exf5 Bd7 21. Nd5
Ne5 22. b5 b6 23. a4 Rb8 24. a5 e6 25. Nf4 exf5 26. Nh5 Rxh5 27. Bxh5 Be6 28.
Be2 Rc8 29. axb6 axb6 30. Bg5 Qd7 31. Bxh4 Nxc4 32. Bxc4 Rxc4 33. Rxc4 Bxc4 34.
Re1+ Kf8 35. Be7+ Kg8 36. Qg5 Qe8 37. Bf6 Qxe1+ 38. Kh2 Qe5+ 39. Bxe5 dxe5 40.
Qd8+ Bf8 41. Qxb6 e4 42. Qc6 Bd3 43. b6 e3 44. b7 e2 45. Qe8 1-0

[Event "BL 1314 Bayern München - Schachfr. Berl"]
[Site "?"]
[Date "2014.02.23"]
[Round "10.1"]
[White "Melkumyan, Hrant"]
[Black "Schenk, Andreas"]
[Result "1-0"]
[WhiteElo "2589"]
[BlackElo "2493"]
[PlyCount "145"]
[EventDate "2014.??.??"]

1. d4 Nf6 2. c4 e6 3. Nf3 b6 4. g3 Bb7 5. Bg2 Bb4+ 6. Bd2 Bxd2+ 7. Qxd2 O-O 8.
O-O d6 9. Qc2 c5 10. Rd1 cxd4 11. Rxd4 Qe7 12. Nc3 Nc6 13. Rd2 Rfd8 14. Qa4 Na5
15. Qb4 Kf8 16. Ne1 Bxg2 17. Nxg2 Rac8 18. Ne3 d5 19. Qxe7+ Kxe7 20. cxd5 Nc4
21. Nxc4 Rxc4 22. Rad1 Nxd5 23. Nb5 a6 24. Nd4 Rdc8 25. e4 Nf6 26. f3 Rc1 27.
Kf2 Rxd1 28. Rxd1 Nd7 29. f4 Rc5 30. Ke3 Nb8 31. e5 Nd7 32. Kd3 f6 33. b4 Rc8
34. exf6+ gxf6 35. Re1 e5 36. Nf3 Ke6 37. fxe5 Nxe5+ 38. Nxe5 fxe5 39. Re4 Kd5
40. Rh4 Rf8 41. Ke2 Rc8 42. Rxh7 Rc2+ 43. Kf3 e4+ 44. Ke3 Rxa2 45. Rh5+ Kc4 46.
g4 Rg2 47. g5 Kd5 48. h4 Ke5 49. Rh6 Rg3+ 50. Kf2 Rg4 51. Rxb6 Rxh4 52. g6 Rg4
53. Ke2 Kd4 54. Rxa6 Rg2+ 55. Kf1 Rg5 56. Kf2 Rf5+ 57. Ke2 Rg5 58. Rd6+ Ke5 59.
Rb6 Kd4 60. b5 Rg2+ 61. Kf1 Rg5 62. Kf2 Rf5+ 63. Ke2 Rg5 64. Rd6+ Ke5 65. Rc6
Kd5 66. Ke3 Rg4 67. Ra6 Kc5 68. Rf6 Kxb5 69. Kd4 e3+ 70. Kxe3 Kc5 71. Kf3 Rg1
72. Ke4 Re1+ 73. Kf5 1-0

[Event "BL 1314 Bayern München - Schachfr. Berl"]
[Site "?"]
[Date "2014.02.23"]
[Round "10.2"]
[White "Belezky, Alexander"]
[Black "Kraemer, Martin"]
[Result "1-0"]
[WhiteElo "2451"]
[BlackElo "2554"]
[PlyCount "119"]
[EventDate "2014.??.??"]

1. Nf3 d5 2. g3 Nc6 3. d4 Bf5 4. Bg2 Nb4 5. Na3 e6 6. c3 Nc6 7. Nc2 Be7 8. O-O
Nf6 9. Bg5 O-O 10. Nd2 Bg6 11. Bxf6 Bxf6 12. e4 dxe4 13. Nxe4 Be7 14. f4 Rb8
15. Ne3 Qd7 16. a4 Bxe4 17. Bxe4 g6 18. a5 Bf6 19. Qa4 Rfd8 20. Bxc6 bxc6 21.
b4 Rb5 22. Rad1 Bg7 23. Qc2 Rbb8 24. Rf2 Qc8 25. Rfd2 Qa6 26. Qd3 Qb5 27. Qc4
Rd7 28. Ra2 Rd6 29. a6 Bf8 30. Ra5 Qxc4 31. Nxc4 Rd5 32. Ne5 Rb6 33. Rda1 Rd8
34. Nc4 Rbb8 35. Ne5 Rb6 36. Nc4 Rbb8 37. Kf2 f6 38. Ke3 Kf7 39. g4 Bd6 40. h3
Ke7 41. Nd2 Rf8 42. Nc4 Kd7 43. Nb2 h6 44. Nd3 Rb5 45. c4 Rbb8 46. c5 Be7 47.
Kd2 g5 48. Kc3 gxf4 49. Nxf4 e5 50. Ng6 Rg8 51. Nh4 exd4+ 52. Kc4 h5 53. Rd1
hxg4 54. Rxd4+ Ke6 55. hxg4 Rgd8 56. Re4+ Kd7 57. Ra3 Re8 58. Rd3+ Kc8 59. Rde3
Kd7 60. Nf5 1-0

[Event "BL 1314 Bayern München - Schachfr. Berl"]
[Site "?"]
[Date "2014.02.23"]
[Round "10.3"]
[White "Mista, Aleksander"]
[Black "Renner, Christoph"]
[Result "1-0"]
[WhiteElo "2583"]
[BlackElo "2388"]
[PlyCount "81"]
[EventDate "2014.??.??"]

1. e4 e6 2. d4 d5 3. Nd2 Be7 4. Bd3 c5 5. dxc5 Nf6 6. Qe2 O-O 7. Ngf3 a5 8. h4
e5 9. exd5 Bxc5 10. Ng5 Qxd5 11. Nde4 Nbd7 12. Be3 Bxe3 13. fxe3 h6 14. c4 Qc6
15. O-O-O Nc5 16. Nxf6+ gxf6 17. Bc2 e4 18. Nh3 Nd3+ 19. Rxd3 exd3 20. Qxd3 f5
21. Nf4 Be6 22. Nd5 Bxd5 23. cxd5 Qg6 24. Rf1 Rac8 25. Rxf5 Rfe8 26. Kb1 Qxg2
27. Rf4 Rxc2 28. Qxc2 Qh1+ 29. Qc1 Qxc1+ 30. Kxc1 Rxe3 31. Rf5 Kf8 32. Kd2 Re4
33. Rh5 Kg7 34. Kd3 Re1 35. Kd4 Re2 36. d6 Rxb2 37. Rxa5 Kf6 38. Rd5 Rd2+ 39.
Kc5 Rc2+ 40. Kb6 Rb2+ 41. Kc7 1-0

[Event "BL 1314 Bayern München - Schachfr. Berl"]
[Site "?"]
[Date "2014.02.23"]
[Round "10.4"]
[White "Reiss, Tibor"]
[Black "Schneider, Ilja"]
[Result "1/2-1/2"]
[WhiteElo "2375"]
[BlackElo "2494"]
[PlyCount "49"]
[EventDate "2014.??.??"]

1. c4 c6 2. d4 d5 3. cxd5 cxd5 4. Nc3 Nf6 5. Bf4 Nc6 6. e3 Bg4 7. Qb3 Na5 8.
Qa4+ Bd7 9. Bb5 Nc6 10. Nf3 e6 11. Ne5 Nxe5 12. Bxe5 a6 13. Bxd7+ Nxd7 14. Bg3
Be7 15. O-O O-O 16. Rfc1 b5 17. Qd1 Qb6 18. Ne2 Rfc8 19. Nf4 Qb7 20. Nd3 Rxc1
21. Rxc1 Rc8 22. Rc2 Rc4 23. b3 Rc6 24. Rxc6 Qxc6 25. Qc1 1/2-1/2

[Event "BL 1314 Bayern München - Schachfr. Berl"]
[Site "?"]
[Date "2014.02.23"]
[Round "10.5"]
[White "Dann, Matthias"]
[Black "Zajogin, Alexander"]
[Result "1/2-1/2"]
[WhiteElo "2453"]
[BlackElo "2388"]
[PlyCount "105"]
[EventDate "2014.??.??"]

1. c4 e6 2. g3 d5 3. Bg2 Nf6 4. Nf3 Be7 5. O-O O-O 6. b3 c5 7. Bb2 Nc6 8. e3 d4
9. exd4 cxd4 10. Re1 Re8 11. a3 a5 12. d3 Bf8 13. Ne5 Nxe5 14. Rxe5 Nd7 15. Rb5
Nc5 16. b4 axb4 17. axb4 Rxa1 18. Bxa1 Na6 19. Qb3 b6 20. Bc6 Re7 21. Na3 Rc7
22. Be4 Ra7 23. Qb2 Nc7 24. Rxb6 Nd5 25. Rb8 Qc7 26. Rxc8 Qxc8 27. Nb5 Ra4 28.
Qxd4 Nxb4 29. Bc3 Na6 30. Qe3 Nc5 31. Bf3 Qd7 32. Be2 Ra2 33. Bf1 Ra8 34. h4
Rd8 35. d4 Na4 36. Ba5 Ra8 37. Bc7 Rc8 38. Qf4 Nc3 39. Nxc3 Qxc7 40. Qf3 Bb4
41. Ne4 Rd8 42. d5 Qe5 43. Ng5 Qf6 44. Qb3 Bc5 45. Ne4 Qd4 46. Nxc5 Qxc5 47.
dxe6 fxe6 48. Bh3 Rd6 49. Qb8+ Kf7 50. Qb7+ Kf6 51. Qf3+ Ke7 52. Qb7+ Kf6 53.
Qf3+ 1/2-1/2